| 000 | 01385nam a2200241Ia 4500 | ||
|---|---|---|---|
| 003 | Ost | ||
| 005 | 20260507075217.0 | ||
| 008 | 260507s9999||||xx |||||||||||||| ||und|| | ||
| 020 | _a18341199579 | ||
| 040 | _cfsecg | ||
| 041 | _aara | ||
| 082 | _a330 | ||
| 100 |
_aالعلي، أسعد حميد _eمؤلف |
||
| 245 | 0 |
_aالإدارة المالية : _bالأسس العلمية و التطبيقية / _c أسعد حميد العلي |
|
| 260 |
_aعمان: _bدار وائل, _c2009 |
||
| 300 |
_a394 صفحة؛ _bإيضاحات ؛ _c24 سم |
||
| 504 | _aمراجع ص.393 ؛ ملاحق ص.395 | ||
| 520 | _aالتعريف بالادارة المالية و أهدافها ، القيمة الزمنية للنقود ، القوائم المالية و التحليل المالي ، التخطيط المالي : الموازنة النقدية ، القوائم المالية التقديرية ، تحليل التعادل ، الرفع المالي و الرفع التشغيلي ، المخاطرة و العائد ، مقدمة بالاوراق المالية و المحفظة الاستثمارية ، ادارة و تقييم الاسهم ، كلفة رأس المال و سياسة توزيع الارباح. | ||
| 653 | _aالإدارة المالية | ||
| 653 | _aالتحليل المالي | ||
| 653 | _aالتخطيط المالي | ||
| 942 | _cكتاب | ||
| 999 |
_c43503 _d43503 |
||